000 00807cab a22002055a 4500
001 L156520
008 120531e20120526xxk 000 0 eng d
035 _a(Sirsi) u156520
041 0 _aeng
100 1 _aBrown, Patrick
245 0 0 _aWhither CRC?
260 _c2012
490 _aEstates Gazette
_v(1211) 26 May 2012, 90-92(3)
520 _aIssues surrounding the Carbon Reduction Commitment Energy Efficiency Scheme (CRCEES). Notes that the government is continuing to reform the CRCEES with the aim of simplifying it and finding an alternative. In March 2012 a consultation document was launched on 46 proposed changes to the scheme and the principle issues are discussed.
590 _aKA
651 4 _aUnited Kingdom
690 _aEnvironment
_96238
700 1 _aWilliams, Peter
942 _n0
999 _c84051
_d84051